Former Countries by Flag Map - Statistics

General Stats
  • This quiz has been taken 89 times
  • The average score is 10 of 18
Answer Stats
Picture Answer % Correct
England
96%
Soviet Union
93%
Texas
93%
Yugoslavia
91%
Zaire
86%
Holy Roman Empire
80%
North Vietnam
77%
Republic of China
60%
South Yemen
53%
Byzantine Empire
51%
Serbia and Montenegro
51%
United Arab Republic
47%
Brittany
36%
Kingdom of Hungary
30%
Korean Empire
30%
Kingdom of Sardinia
13%
Grand Duchy of Lithuania
11%
Republic of Sudan
10%
No matching quizzes found
Score Distribution
Percent of People with Each Score
Percentile by Number Answered
Your Score History
You have not taken this quiz